| 000 | 00828nam a2200241 a 4500 | ||
|---|---|---|---|
| 001 | 56396 | ||
| 003 | BD-RjUL | ||
| 005 | 20211209080406.0 | ||
| 008 | 161129s1966 bg ||||| |||| 00| 0 ben d | ||
| 020 | _c: TK 3.25 | ||
| 035 | _a(BD-RjUL)56520 | ||
| 040 |
_aBD-RjUL _bben _cBD-RjUL |
||
| 041 | _aben | ||
| 082 |
_223 _a891.443 _bTAA 1966 |
||
| 100 |
_aতালুকদার, অরূপ _9167753 |
||
| 245 | 1 | 0 |
_aআশার নাম মৃগতৃষ্ণিকা / _cঅরূপ তালুকদার |
| 250 | _a১ম সং . | ||
| 260 |
_aবরিশাল : _bবুক হাউস, _c১৯৬৬ [১৩৭৩] |
||
| 300 |
_a১৬০ পৃ. ; _c২১ সেমি . |
||
| 650 |
_aবাংলা উপন্যাস _9167754 |
||
| 650 |
_aBengali Fictions _9167755 |
||
| 942 |
_2ddc _cBK |
||
| 999 |
_c56396 _d56396 |
||